| 000 | 00662nam a2200205 i 4500 | ||
|---|---|---|---|
| 001 | 82654 | ||
| 003 | ES-MaACL | ||
| 005 | 20250826040243.0 | ||
| 007 | t| | ||
| 008 | 041111s1966 sp ||||1| spa d | ||
| 080 | _a336.2(46)(02) | ||
| 245 | 0 | 4 | _aLos impuestos en España. |
| 260 |
_aMadrid : _b[Ministerio de Hacienda.] Servicio de Publicaciones, _c1966. |
||
| 300 |
_a507 p. ; _c25 cm. |
||
| 500 | _aPrecede al tít.: Ministerio de Hacienda. Secretaría General Técnica. | ||
| 650 | 0 | 4 |
_aDerecho fiscal- _zEspaña _911709 |
| 710 | 1 |
_aEspaña. _bMinisterio de Hacienda _93874 |
|
| 852 |
_aES-MaACL _jC-31267 _bR.61773 |
||
| 999 |
_c82654 _d82654 |
||